000 00379nam a2200169Ia 4500
003 0STCL
008 150530s9999 xx 000 0 und d
040 _aSTCL
_cSTCL
100 _aWodehouse, P.G.; Others
245 _aTreasury of great short stories
260 _c1986
300 _a0
546 _aEnglish
942 _2ddc
_cBK
999 _c58528
_d58528
005 20220125171048.0